Fudo Myo-o/ (Record no. 209055)

MARC details
000 -LEADER
fixed length control field 00715nam a22002177a 4500
005 - DATE AND TIME OF LATEST TRANSACTION
control field 20250214161211.0
010 ## - LCCN (DPL NO)
LC control number ENG-143808
020 ## - INTERNATIONAL STANDARD BOOK NUMBER
International Standard Book Number 8124606048
Terms of availability 1600. 00
035 ## - SYSTEM CONTROL NUMBER
System control number EN-127340
037 ## - SOURCE OF ACQUISITION
Source of stock number/acquisition DBAD
082 ## - DEWEY DECIMAL CLASSIFICATION NUMBER
Classification number 704.9489434211
100 ## - MAIN ENTRY--PERSONAL NAME
Personal name Sampa Biswas
245 ## - TITLE STATEMENT
Title Fudo Myo-o/
Remainder of title Acalanatha Vidyaraja, In Art and Iconography of Japan;
260 ## - PUBLICATION, DISTRIBUTION, ETC. (IMPRINT)
Place of publication, distribution, etc New Delhi
Name of publisher, distributor, etc Sampa Biswas
Date of publication, distribution, etc 2012
270 ## - ADDRESS
Address Vedasri ,F-395, Sudarshan park Ramesh Nager metro Station
City New Delhi
Postal code 700014
Electronic mail address indology@dkprinterworld.com
300 ## - PHYSICAL DESCRIPTION
Extent 228p.
Dimensions 28 cm.(hb)
490 ## - SERIES STATEMENT
Volume number/sequential designation vol 1
500 ## - GENERAL NOTE
General note Acalanatha Vidyaraja
700 ## - ADDED ENTRY--PERSONAL NAME
Personal name Sampa Biswas
9 (RLIN) 76691
942 ## - ADDED ENTRY ELEMENTS (KOHA)
Source of classification or shelving scheme Dewey Decimal Classification
Item type English Books
Classification part 704.9489434211
Call number suffix Sam
Holdings
Withdrawn status Lost status Not for loan Collection code Home library Current library Date acquired Source of acquisition Cost, normal purchase price Full call number Barcode Copy number Cost, replacement price Koha item type
    Not For Loan Non-fiction Central Library Central Library 14/02/2025 Delivery of Books Act Division 1600.00 704.9489434211 SAM EN-127340 1 1600.00 English Books

© Delhi Public Library
Hit Counter
free hit counter